000 00758nam a22002297a 4500
005 20170124110014.0
010 _aA-953323
020 _c65.00
_a8123201206
035 _aA-953323
037 _bCen Lib/Ret
040 _aDPL
_bEN
082 _a305.697
_bFAZ
100 _aFazlur Rahman Faridi
_918341
245 _aLiving as a muslim in a plural society /
_cby Fazlur Rahman Faridi
260 _aChennai
_bIslamic Foundation Trust
_c1998
270 _a78, Perambur High Road
_bChennai
_e600012
300 _a105p.
_c22cm(pbk)
500 _aIncludes bibliographical references
650 _aIslam -- Relations
_918342
650 _aMuslims -- India
_97069
942 _2ddc
_cEN
_h305.697
_mFAZ
999 _c126736
_d126736